[Event "Stay Safe Play From Home 150"]
[Site "T#646043Emanuel Laske"]
[Date "2020.05.14"]
[Round "1"]
[White "Mepe_Nika"]
[Black "MartinKestler"]
[Result "1-0"]
[WhiteElo "2350"]
[BlackElo "1959"]
[Annotator "TA"]
[PlyCount "69"]
[EventDate "2020.05.14"]
[EventType "swiss (blitz)"]

{[%evp 9,69,30,34,10,22,27,14,7,8,5,0,-46,-41,-85,-103,-137,-126,-133,-114,-128,-52,-61,-48,-62,-45,-151,-156,-172,-123,-158,-142,-162,-89,-90,-65,-98,-106,-99,-18,-28,-27,-16,0,0,0,0,0,0,9,0,8,10,56,35,83,83,205,209,389,384,350,349]} 1. e4 d6 2. d4 Nf6 3. Nc3 Nc6 4. d5 Nb8 5. f4 c6 6. Nf3 {B00: Queen's Fianchetto Defence, Nimzowitsch Defence.} cxd5 7. exd5 g6 {[#]} 8. Bb5+ $146 {The position is equal.} ({Predecessor:} 8. Bd3 Bg7 9. O-O O-O 10. f5 Na6 11. fxg6 hxg6 12. Ng5 Nc5 13. Be2 Bf5 14. Qe1 {1-0 (22) Ramage,C (1970)-Pride,S (1766) Aberystwyth 2014}) 8... Bd7 9. Bxd7+ Nbxd7 10. f5 Bg7 11. fxg6 hxg6 12. O-O Qb6+ 13. Kh1 Ng4 14. Qe2 Nde5 (14... Rc8 $17 {Threatens to win with ...Nxh2!} 15. Ne4 f5) 15. h3 $15 Nxf3 16. Qxf3 Ne5 17. Qe3 (17. Qe2 $15) 17... Qxe3 $1 $17 18. Bxe3 a6 19. Ne4 Nc4 20. Bc1 O-O ({Black should try} 20... Rh5 $19 21. Rb1 Rxd5) 21. Rb1 Rac8 22. b3 {[#]} Ne5 $1 23. c4 {[#]} Nd3 (23... b5 $1 $17 24. cxb5 axb5) 24. Bg5 $11 Rfe8 25. Rbd1 Nc5 26. Nxc5 Rxc5 27. Be3 Rcc8 28. a4 Bc3 29. Bd4 Bxd4 30. Rxd4 {KRR-KRR} a5 31. Rdf4 Rf8 32. Re1 Rce8 (32... Rfe8 $16) 33. Rfe4 $18 b6 $2 (33... e5) 34. Rxe7 Rxe7 35. Rxe7 {Quite a comeback for White. Accuracy: White = 70%, Black = 47%.} 1-0

[Event "Stay Safe Play From Home 150"]
[Site "T#646043Emanuel Laske"]
[Date "2020.05.14"]
[Round "1"]
[White "Lamborghini"]
[Black "Tunca"]
[Result "1-0"]
[WhiteElo "2242"]
[BlackElo "1639"]
[Annotator "TA"]
[PlyCount "55"]
[EventDate "2020.05.14"]
[EventType "swiss (blitz)"]

{[%evp 15,55,59,50,28,67,53,75,66,62,45,66,47,77,64,89,96,367,380,545,542,619,345,362,355,334,349,361,360,479,487,769,491,589,589,672,699,643,524,608,580,580,580]} 1. e4 Nf6 2. e5 Nd5 3. d4 d6 4. Nf3 g6 5. Bc4 Nb6 6. Bb3 Bg7 7. a4 a5 8. O-O O-O 9. exd6 {B04: Alekhine's Defence: 4 Nf3.} cxd6 10. h3 Nc6 11. Nc3 {[%cal Bb1c3,Bc3b5,Bb5d6][%mdl 32] White is better.} Bf5 12. Re1 Rc8 {[#]} 13. Bg5 $146 ({Predecessor:} 13. Ne4 Nb4 14. c3 N4d5 15. Qe2 h6 16. Ng3 Bd7 17. Bd2 Qc7 18. Qe4 e6 19. h4 {1-0 (85) Kilpatrick,C (2256)-Janev,E (2511) Livigno 2011}) 13... Re8 14. Nb5 Nb4 {[%cal Rf5c2]} 15. c3 Nc6 $2 {[%mdl 8192]} (15... N4d5 $16 {is a better defense.}) 16. g4 $18 Bd7 {[#]} (16... Be6 {keeps fighting.} 17. d5 Nxd5 18. Bxd5 Qd7) 17. Nxd6 $1 {[%mdl 576] Double Attack, Pin} Qc7 (17... exd6 18. Bxd8) 18. Nxf7 e6 19. N7e5 Nxe5 20. Nxe5 ({Don't take} 20. dxe5 Bc6 $18) 20... Nd5 21. Bh4 Nf6 22. Bg3 {White is clearly winning.} Qb6 (22... Qd8 $142 23. Nc4 Bf8) 23. Nc4 Qa6 24. Nd6 {[%mdl 64] [#] Double Attack} Rcd8 25. Nxe8 Rxe8 26. Qe2 Nd5 27. Qxa6 bxa6 28. Bxd5 {White took control after the opening. Accuracy: White = 72%, Black = 27%.} 1-0

[Event "Stay Safe Play From Home 150"]
[Site "T#646043Emanuel Laske"]
[Date "2020.05.14"]
[Round "1"]
[White "Little champs"]
[Black "Lucknow"]
[Result "1-0"]
[WhiteElo "2214"]
[BlackElo "1770"]
[Annotator "TA"]
[PlyCount "25"]
[EventDate "2020.05.14"]
[EventType "swiss (blitz)"]

{[%evp 9,25,22,34,7,3,-12,0,-49,0,-30,-40,-112,27,28,14,19,26,20]} 1. d4 d5 2. g3 c6 3. Bg2 e6 4. Nf3 Nf6 5. O-O Nbd7 6. Bf4 {D02: 1 d4 d5 2 Nf3 sidelines, including 2...Nf6 3 g3 and 2...Nf6 3 Bf4.} Be7 7. c4 dxc4 8. Nc3 {The position is equal.} O-O 9. Nd2 {[#]} Nb6 $146 ({Predecessor:} 9... Nd5 10. Nxc4 Nxf4 11. gxf4 Qc7 12. Qd2 Nf6 13. Rad1 Rd8 14. Qc1 Nd5 15. Ne5 Bd6 16. Nxd5 exd5 {1-0 (70) Tran,T-Tan,J Hue 2012}) 10. e3 {[#]} ({Better is} 10. Nf3 $1 $15) 10... Bd6 ({Black should play} 10... Nfd5 $1 $17 {And now ...g5 would win.} 11. h4 Nxf4 12. gxf4 Bxh4) 11. Qe2 $11 Bxf4 12. gxf4 Nfd5 13. Nxc4 {[%mdl 32768] Accuracy: White = 40%, Black = 61%. . Loss on time!?} 1-0

[Event "Stay Safe Play From Home 150"]
[Site "T#646043Emanuel Laske"]
[Date "2020.05.14"]
[Round "1"]
[White "SoulofWolf"]
[Black "Parth11"]
[Result "1-0"]
[WhiteElo "2086"]
[BlackElo "1413"]
[Annotator "TA"]
[PlyCount "57"]
[EventDate "2020.05.14"]
[EventType "swiss (blitz)"]

{[%evp 13,57,26,25,0,35,0,27,26,24,0,14,0,66,78,110,122,126,82,158,130,219,226,280,278,310,220,370,273,818,359,831,458,498,468,983,980,1081,1071,1877,1822,2014,1921,2325,2180,2080,2072]} 1. c4 e6 2. Nc3 Nf6 3. d4 d5 4. Nf3 c6 5. Bg5 Be7 6. e3 a6 7. Qc2 Nbd7 8. b3 {[#] D53: Queen's Gambit Declined: 4 Bg5 Be7: Early deviations.} dxc4 $146 ({Predecessor:} 8... Bb4 9. Bxf6 Nxf6 10. Nd2 Qa5 11. Rc1 Ba3 12. Rd1 Bb4 13. Rc1 Ba3 14. Rd1 Bb4 {½-½ (14) Tonel,G (1973)-Rago,R (2084) Fano 2013}) 9. Bxc4 b6 10. O-O {White has an edge.} Bb7 11. h3 h6 12. Bf4 g5 (12... b5 $11 13. Be2 c5) 13. Bh2 $36 {[%mdl 2048] White is on the roll.} Nd5 14. Ne4 O-O 15. a3 b5 (15... c5 $142) 16. Be2 N7f6 {[#]} (16... f5 $16 {was necessary.}) 17. Nc5 $1 $18 {[%cal Rc5b7]} Bxc5 18. dxc5 (18. Qxc5 Nd7 $16) 18... Qd7 19. Ne5 Qc8 (19... Qe7 {might work better.} 20. e4 Nf4) 20. Qb2 Kg7 $2 (20... Ne4 21. b4 f5) 21. Bf3 (21. Ng4 $142) 21... Rd8 $2 (21... Kh7 22. Rfd1 Qe8) 22. e4 {White is clearly winning.} Nf4 23. Ng4 N4h5 (23... e5 $142 24. Qxe5 Qe6 25. Bxf4 gxf4 26. Qxf4 Nh5) 24. Be5 Rd3 25. Bxf6+ Kg6 26. Ne5+ {[%mdl 64] [#] Double Attack} Kxf6 27. Nxd3+ Kg6 28. Ne5+ Kh7 29. Bxh5 {Accuracy: White = 53%, Black = 14%.} 1-0

[Event "Stay Safe Play From Home 150"]
[Site "T#646043Emanuel Laske"]
[Date "2020.05.14"]
[Round "1"]
[White "Sfantul321"]
[Black "Timbre"]
[Result "1-0"]
[WhiteElo "2044"]
[BlackElo "1638"]
[Annotator "TA"]
[PlyCount "93"]
[EventDate "2020.05.14"]
[EventType "swiss (blitz)"]

{[%evp 14,93,0,0,0,-15,-11,-10,0,0,0,0,7,0,7,0,82,36,83,33,52,31,42,29,28,25,49,-14,-19,-6,0,-122,-131,-119,-112,-362,-170,-195,-56,-77,-42,-107,11,-22,15,14,210,181,214,178,185,181,189,146,321,216,518,525,483,509,486,-27,800,788,747,643,728,714,707,703,711,706,825,845,1000,985,1056,950,1325,1248,945,925]} 1. c4 c6 2. Nc3 d5 3. cxd5 cxd5 4. d4 Nf6 5. Nf3 Nc6 6. Bf4 Bf5 7. a3 e6 8. e3 Bd6 {D14: Slav Defence: Exchange variation with ...Bf5.} 9. Bg5 h6 10. Bh4 Be7 {[#] The position is equal.} 11. Bd3 $146 ({Predecessor:} 11. Bb5 O-O 12. O-O Ne4 13. Bxe7 Qxe7 14. Bxc6 bxc6 15. Ne5 Nxc3 16. Nxc6 Qd6 17. bxc3 Qxc6 18. Qd2 {0-1 (48) Eltigani,A (1564)-Porat,M (1856) Balatonlelle 2006}) 11... Bxd3 12. Qxd3 Nh5 13. Bxe7 Qxe7 14. O-O f5 (14... O-O $11) 15. b4 a6 16. Rab1 O-O 17. Na4 Nf6 18. Nb6 {And now b5 would win.} Rab8 19. Rfc1 Ne4 20. Ne1 ({Better is} 20. Ne5 $14) 20... f4 $11 21. f3 Ng5 22. exf4 (22. Qd2 $11 {keeps the balance.}) 22... Rxf4 $17 23. Nc2 Rbf8 {aiming for ...Qd6.} 24. Re1 $2 (24. Rf1 $17) 24... Qf7 (24... Qc7 $142 {[%cal Rf4f3] Strongly threatening ...Rxf3.} 25. Nxd5 exd5) 25. Re3 Rf6 (25... Rh4 $19 {...Qh5 is the strong threat.} 26. Qe2 Qc7) 26. Rbe1 Rf5 (26... Qc7 $5 {[%cal Rc7b6]} 27. Na4 Rxf3 $1 $17 {[%mdl 512]}) 27. h4 {[#]} (27. Na4 $15) 27... Nh7 ({Black should play} 27... Nh3+ $1 $17 28. gxh3 Qc7) 28. Na4 Rf6 29. Nc5 {[%cal Rc5e6]} Rf5 $2 (29... Re8 $11 {and Black is okay.}) 30. Nxe6 $18 Rc8 31. Nc5 {Black must now prevent Nxb7!} Rf4 32. g3 $36 {[%mdl 2048] Black is under strong pressure.} Rf6 33. Kg2 Qh5 $2 (33... Nf8 $16 {was called for.} 34. f4 Ng6) 34. R1e2 Rg6 $2 (34... Rc7 35. a4 Rcf7) 35. Re8+ Rxe8 36. Rxe8+ Nf8 {[#]} 37. Nd7 $2 (37. Rxf8+ $1 $18 {[%mdl 512]} Kxf8 38. g4) 37... Rf6 $2 {[%mdl 8192]} (37... Rxg3+ $11 38. Kxg3 Qxe8 39. Nxf8 Qxf8) 38. Nxf6+ {White is clearly winning.} gxf6 39. Re1 f5 40. Ne3 f4 41. Qf5 Qxf5 42. Nxf5 fxg3 43. Ne7+ Nxe7 44. Rxe7 {KR-KN} Ng6 45. Rxb7 Nf4+ 46. Kxg3 Ne2+ 47. Kg4 {Quite a comeback for White. Accuracy: White = 53%, Black = 43%.} 1-0

[Event "Stay Safe Play From Home 150"]
[Site "T#646043Emanuel Laske"]
[Date "2020.05.14"]
[Round "1"]
[White "Chesstiger9"]
[Black "Ironmike"]
[Result "1-0"]
[WhiteElo "2007"]
[BlackElo "1792"]
[Annotator "NA RC"]
[PlyCount "95"]
[EventDate "2020.05.14"]
[EventType "swiss (blitz)"]

1. d4 {[%emt 0:00:02]} d5 {[%emt 0:00:01]} 2. Nf3 {[%emt 0:00:01]} c6 {[%emt 0:00:01]} 3. e3 {[%emt 0:00:01]} Bg4 {[%emt 0:00:02]} 4. Nbd2 {[%emt 0:00:02]} Nd7 {[%emt 0:00:02]} 5. Be2 {[%emt 0:00:01]} Ngf6 {[%emt 0:00:02]} 6. h3 {[%emt 0:00:01]} Bh5 {[%emt 0:00:01]} 7. O-O {[%emt 0:00:01]} e6 {[%emt 0:00:02]} 8. b3 {[%emt 0:00:01]} Bd6 {[%emt 0:00:02]} 9. Bb2 {[%emt 0:00:01]} Rc8 {[%emt 0:00:01]} 10. Ne5 {[%emt 0:00:01]} Bxe2 {[%emt 0:00:02]} 11. Qxe2 {[%emt 0:00:00]} Bb8 {[%emt 0:00:04]} 12. f4 {[%emt 0:00:01]} Nxe5 {[%emt 0:00:03]} 13. fxe5 {[%emt 0:00:01]} Nd7 {[%emt 0:00:01]} 14. e4 {[%emt 0:00:01]} O-O {[%emt 0:00:01]} 15. c4 {[%emt 0:00:04]} f6 {[%emt 0:00:08]} 16. exf6 {[%emt 0:00:04]} Nxf6 {[%emt 0:00:00]} 17. e5 {[%emt 0:00:01]} Nd7 {[%emt 0:00:06]} 18. Qg4 {[%emt 0:00:06]} Qe7 {[%emt 0:00:08]} 19. c5 {[%emt 0:00:05]} Rxf1+ {[%emt 0:00:07]} 20. Rxf1 {[%emt 0:00:02]} Rf8 {[%emt 0:00:00]} 21. Rxf8+ {[%emt 0:00:06]} Nxf8 {[%emt 0:00:00]} 22. Nf3 {[%emt 0:00:02]} h6 {[%emt 0:00:02]} 23. Bc1 {[%emt 0:00:02]} Kh7 {[%emt 0:00:02]} 24. Nh4 {[%emt 0:00:03]} Qf7 {[%emt 0:00:02]} 25. Be3 {[%emt 0:00:06]} Bc7 {[%emt 0:00:01]} 26. b4 {[%emt 0:00:05]} Bd8 {[%emt 0:00:01]} 27. Nf3 {[%emt 0:00:02]} b6 {[%emt 0:00:03]} 28. h4 {[%emt 0:00:01]} bxc5 {[%emt 0:00:02]} 29. dxc5 {[%emt 0:00:08]} Nd7 {[%emt 0:00:05]} 30. Bf4 {[%emt 0:00:09]} Be7 {[%emt 0:00:07]} 31. Nd4 {[%emt 0:00:01]} Nf8 {[%emt 0:00:17]} 32. Nxc6 {[%emt 0:00:03]} a6 {[%emt 0:00:01]} 33. Nd4 {[%emt 0:00:05]} a5 {[%emt 0:00:02]} 34. a3 {[%emt 0:00:05]} axb4 {[%emt 0:00:01]} 35. axb4 {[%emt 0:00:00]} Bd8 {[%emt 0:00:02]} 36. b5 {[%emt 0:00:05]} Qc7 {[%emt 0:00:07]} 37. c6 {[%emt 0:00:07]} Qe7 {[%emt 0:00:01]} 38. Be3 {[%emt 0:00:07]} Bb6 {[%emt 0:00:03]} 39. Qg3 {[%emt 0:00:08]} Qb4 {[%emt 0:00:03]} 40. Qf2 {[%emt 0:00:02]} Ng6 {[%emt 0:00:02]} 41. Nxe6 {[%emt 0:00:04]} Nxe5 {[%emt 0:00:02]} 42. Qf5+ {[%emt 0:00:02]} Ng6 {[%emt 0:00:06]} 43. Bxb6 {[%emt 0:00:04]} Qe1+ {[%emt 0:00:01]} 44. Qf1 {[%emt 0:00:02]} Qxh4 {[%emt 0:00:03]} 45. c7 {[%emt 0:00:01]} Ne7 {[%emt 0:00:05]} 46. Bc5 {[%emt 0:00:06]} Nc8 {[%emt 0:00:02]} 47. b6 {[%emt 0:00:01]} Qe4 {[%emt 0:00:05]} 48. b7 {[%emt 0:00:02] Ironmike gibt auf (Lag: Av=0.47s, max=5.3s)} 1-0

[Event "Stay Safe Play From Home 150"]
[Site "T#646043Emanuel Laske"]
[Date "2020.05.14"]
[Round "1"]
[White "Haris kollari 13"]
[Black "Weltszmerc"]
[Result "1-0"]
[WhiteElo "1958"]
[BlackElo "2079"]
[Annotator "TA"]
[PlyCount "167"]
[EventDate "2020.05.14"]
[EventType "swiss (blitz)"]

{[%evp 15,167,0,4,3,58,0,13,0,35,35,54,0,0,-23,0,-26,-33,-63,-45,-66,-63,-72,-35,-66,-23,-64,-59,-95,-41,-90,-97,-102,-90,-101,-101,-152,-122,-118,-30,-60,-27,-49,-44,-79,0,-18,0,-69,199,-49,0,-6,-10,0,145,149,163,29,39,22,27,16,31,0,265,262,264,245,240,93,150,0,0,0,0,0,0,0,0,0,0,0,32,32,109,102,109,80,109,122,115,122,94,-151,-134,-86,408,399,339,212,203,0,0,0,0,-877,-820,-626,0,0,273,345,341,340,1384,690,566,181,737,731,822,862,716,327,236,300,220,8,937,868,1657,1515,1876,1865,29986,29986,29986,29976,29976,29977,29979,29971,29957,6187,29974,29974,29974,29975,29987,29988,29988,29989,29994,29985]} 1. e4 Nf6 2. Nc3 d5 3. e5 Nfd7 4. d4 e6 5. f4 c5 6. Nf3 Nc6 7. Be3 a6 8. Be2 b5 9. O-O {C11: French: Classical System: 4 e5 and 4 Bg5 dxe4.} b4 (9... cxd4 $11 10. Nxd4 (10. Bxd4 Nxd4 11. Nxd4 Bc5 $11) 10... Qb6) 10. Nb1 (10. Na4 $14) 10... a5 11. c3 {The position is equal.} Ba6 12. Bxa6 Rxa6 {[#]} 13. Qd3 $146 (13. f5 $1 $14 {[%mdl 512]}) ({Predecessor:} 13. f5 Be7 14. fxe6 fxe6 15. Ne1 Rf8 16. Qh5+ g6 17. Qxh7 Rxf1+ 18. Kxf1 Nf8 19. Qh3 a4 20. cxb4 cxd4 {1-0 (39) Bortnyk,O (2598)-Gascon del Nogal,J (2425) chess.com INT 2020}) 13... c4 $11 14. Qd2 g6 15. g4 h5 16. g5 Qb6 17. Qe2 Ne7 18. Nh4 Nb8 19. Nd2 Nbc6 20. Rab1 a4 21. Ndf3 Qc7 (21... Qa7 $17) 22. a3 bxa3 23. bxa3 Rb6 24. Qc2 Rb3 25. Nd2 (25. Bc1 $142) 25... Na5 ({Resist} 25... Rxa3 26. Ra1 $15) 26. Nxb3 axb3 (26... cxb3 $17 27. Qe2 Qc4) 27. Qb2 Qc6 {[%mdl 1024] Black has compensation.} 28. Ra1 Qa4 29. h3 Nec6 (29... Nac6 $17) 30. Bc1 (30. Qb1 $5 {[%cal Rh4g6]} Ne7 31. Bc1 $11) 30... Bg7 31. Qb1 (31. f5 $11 exf5 32. Ng2) 31... O-O $2 {[%mdl 8192] [#]} (31... Ne7 $1 $15 {stays ahead.}) 32. Bb2 $2 (32. Nxg6 $1 $18 Rc8 (32... fxg6 33. Qxg6) 33. Rf2 (33. f5 fxg6 34. f6 Kf7 $14)) 32... Na7 33. Nxg6 fxg6 34. Qxg6 {[%mdl 64] Double Attack} Qd7 (34... Qe8 $11 {keeps the balance.} 35. Qxe8 Rxe8) 35. Qxh5 Rf5 36. Qg6 (36. h4 $18) 36... Qf7 37. Qxf7+ Kxf7 38. Kg2 Kg6 $1 39. Kg3 N7c6 $2 {[%mdl 8192]} (39... Kh5 $1 $11) 40. Kg4 $1 $18 Rf8 41. h4 Rh8 42. Rh1 (42. f5+ $1 $18 exf5+ 43. Rxf5 Rxh4+ 44. Kxh4 Kxf5 45. Kh5) 42... Rh5 (42... Ne7 $142) 43. Raf1 (43. Rae1 $16) 43... Ne7 $11 44. Rf2 Nf5 45. Rf3 Bf8 46. Rhh3 Nc6 47. Rh1 Na7 48. Rfh3 Nb5 49. a4 {[%cal Ba3a4,Ba4a5,Ba5a6][%mdl 32]} Na7 ({Black should try} 49... Nc7 $14) 50. a5 $16 Be7 51. a6 Nb5 52. Ra1 Na7 53. Ra5 Ng7 54. Ba3 $2 (54. Bc1 $16 {stays on course.}) 54... Bxa3 $17 55. Rxa3 Rh8 $2 {[%mdl 8192]} (55... b2 $17 {and life is bright.} 56. Rh1 Nf5) 56. Ra4 Rb8 {Hoping for ...b2.} 57. Ra1 Nh5 58. Rb1 $2 ({White should play} 58. Rh2 $18) 58... Rb6 $11 59. Rf1 Rxa6 {White must now prevent ...Nb5.} 60. f5+ $2 {[%mdl 8192]} (60. Rhf3 $11) 60... exf5+ $19 61. Rxf5 b2 $2 ({Better is} 61... Ra1 $1 $19 {[%cal Ra1g1]} 62. Rf2 Rg1+ 63. Kf3 Nb5) 62. Rf1 $11 {aiming for Rb1.} Nb5 $2 {[%mdl 8192] [#]} (62... Ra1 $11 {and Black has nothing to worry.} 63. Rhh1 Ra3) 63. Rb1 $1 $18 {[%cal Rb1b2]} Ra2 {Threatens to win with ...Na3.} 64. Rh2 Nxc3 $2 (64... Ra3) 65. Rbxb2 (65. Rhxb2 $142 Rxb2 66. Rxb2) 65... Ra6 {Now ...Nd1 and Black clings on.} 66. Rhc2 $2 (66. Rb8 Nd1 67. Re2) 66... Ne4 $2 (66... Nd1 67. Ra2 Rc6) 67. Ra2 ({Weaker is} 67. Rb5 c3 $16) 67... Rc6 68. Ra8 c3 69. Rg8+ (69. Rh8 $142 {Rh6+ is the strong threat.} Kg7 70. Rxh5) 69... Ng7 {[#]} 70. h5+ $1 Kh7 71. Rd8 $2 (71. Ra8 $18 {Strongly threatening g6+.} Ne6 72. Ra7+ Kg8 73. g6) 71... Nxh5 $2 {[%mdl 8192]} (71... Nxg5 $11 72. Rxd5 N5e6) 72. Kxh5 $11 {[%mdl 4096] Endgame KRR-KRN} Ng3+ 73. Kg4 Ne4 74. Rxd5 Nf2+ 75. Rxf2 c2 {[#]} 76. Rxc2 $3 Rxc2 {KR-KR} 77. Kf5 Kg7 78. Ke6 Kg6 79. Rd7 (79. Rd8 $142 Rb2 80. d5 Kxg5 81. d6 Kf4 82. d7 Rb5 83. Rf8+ Ke4 84. d8=Q) 79... Rd2 80. d5 {White mates.} Kxg5 81. Rg7+ Kh6 82. Rg1 Rd3 83. d6 Rd1 84. d7 {Accuracy: White = 52%, Black = 50%.} 1-0

[Event "Stay Safe Play From Home 150"]
[Site "T#646043Emanuel Laske"]
[Date "2020.05.14"]
[Round "1"]
[White "Tumnik_ad"]
[Black "Don59as"]
[Result "1/2-1/2"]
[WhiteElo "1865"]
[BlackElo "2070"]
[Annotator "TA"]
[PlyCount "138"]
[EventDate "2020.05.14"]
[EventType "swiss (blitz)"]

{[%evp 9,138,-115,-127,-150,-96,-78,-20,-118,-67,-93,-86,-91,-94,-204,0,0,0,0,0,0,38,54,111,109,102,67,102,-74,-71,-70,0,-136,0,-19,100,84,89,72,145,145,153,150,148,152,141,152,181,-75,-70,-294,121,22,132,86,108,108,175,105,203,185,212,161,202,158,140,20,21,0,0,-8,318,-61,-42,-112,-126,-162,-117,-311,-217,-218,-220,-240,-172,-554,-507,-740,-573,-1536,589,578,571,568,555,532,1099,672,672,672,665,665,665,665,658,658,29969,29970,29978,29970,29970,29970,29981,29982,29982,29983,29983,29982,29983,29984,29984,29983,29983,0,29984,29985,29986,29985,29985,29984,29984,0,29984]} 1. c3 d5 2. d3 e5 3. Nd2 f5 4. h3 Nf6 {[#]} 5. g4 $146 ({Predecessor:} 5. e4 fxe4 6. Nb3 exd3 7. Bxd3 Bd6 8. Bg5 O-O 9. Qd2 a5 10. a4 Bd7 11. Ne2 {0-1 (22) Rheindt,S (1462)-Edelmann,W GER email 2016}) 5... fxg4 6. Bg2 {A00: Irregular Openings.} gxh3 (6... Bc5 $142 7. b4 Be7 8. hxg4 Bxg4) 7. Nxh3 $17 Bd6 (7... Nc6 $17 8. e4 d4) 8. Nf1 (8. e4 $1 $11 {was the only way to keep the balance.}) 8... Nc6 (8... h6 $17 9. e4 O-O 10. exd5 Nbd7) 9. Bg5 $15 Be6 10. Qb3 Qd7 11. Bxf6 (11. Bd2 $17) 11... gxf6 $2 (11... Na5 $1 $19 {[%cal Ra5b3]} 12. Qc2 gxf6) 12. Bxd5 $11 Bxd5 13. Qxd5 O-O-O 14. Ne3 f5 15. Ng5 f4 (15... Rdf8 $14) 16. Nc4 $16 Rdf8 17. Nxd6+ cxd6 18. Qe6 $2 (18. Rh6 $16) 18... Qxe6 $1 $17 19. Nxe6 Rf6 ({Black should play} 19... Rfg8 $1 $15 20. O-O-O Rg6) 20. Ng7 (20. Ng5 $11) 20... Rg6 (20... Rg8 $1 $17 {[%cal Rg8g7]} 21. Nh5 Rf5) 21. Nh5 f3 (21... Rf8 $11) 22. e4 $16 Ne7 23. O-O-O Rhg8 ({Black should try} 23... Rg2) 24. Ng3 h6 25. Rh5 Rf8 26. Kd2 Ng8 27. Rdh1 Rf4 28. Ke3 $2 (28. Nf5 $18) 28... Nf6 $17 29. Kd2 $2 (29. R5h4 $15 Ng4+ 30. Rxg4 Rfxg4 31. Kxf3) 29... Ng4 $2 ({Less strong is} 29... Nxh5 30. Nxh5 Rf8 31. Ng3 $17) (29... Rxg3 $1 $19 30. fxg3 Nxh5 31. gxf4 Ng3) 30. Ke1 ({Better is} 30. Nf5 $16 {And now Ne7+ would win.} Kd8 31. Rg1) 30... b5 (30... d5 $1 $11 {remains equal.}) 31. Rf5 Rxf5 32. Nxf5 $16 {[%mdl 4096] Endgame Strongly threatening Ne7+. KRN-KRN} Kc7 (32... Kd7 $16) 33. Rh4 (33. Ne7 $18 Rg7 34. Nd5+ Kc6 35. Rh3) 33... Kb6 (33... Kd7 $16) 34. Rh3 $18 Nf6 35. Rxf3 Rg1+ 36. Ke2 Rb1 {[#]} 37. Nxd6 (37. b4 $1 $16) 37... Rxb2+ $11 38. Kf1 Ng4 {Hoping for ...Nh2+.} 39. Rf8 {Threatens to win with Nc4+!} h5 $2 {[%mdl 8192] [#]} (39... Rxa2 $11 {and Black is okay.} 40. f3 Nh2+ 41. Kg1 Kc6) 40. Nf5 $2 ({Only move:} 40. Nc4+ $1 $18 {[%mdl 512]} bxc4 41. Rb8+ Kc5 42. Rxb2) 40... Rxf2+ 41. Kg1 (41. Ke1 $15) 41... Rxa2 $17 42. Rh8 Rd2 {...Rd1+ is the strong threat.} 43. Rxh5 $2 (43. d4 $17 {was called for.}) 43... Rxd3 44. Rg5 Ne3 ({Not} 44... Rxc3 45. Rxg4 a5 46. Rg6+ Rc6 47. Rg8 $15) 45. Rg6+ Ka5 46. Ne7 $2 (46. Rg3 {was the crucial defense.} Rd1+ 47. Kf2) 46... Rxc3 $19 47. Rg7 a6 48. Nd5 Nc4 $4 {[%mdl 8192]} (48... Nxd5 $19 {and life is good for Black.} 49. exd5 b4) 49. Nxc3 $18 Kb4 50. Nd5+ Kb3 51. Rb7 Na5 52. Rb8 Kc4 53. Rb6 Nb3 54. Rxa6 Kd4 55. Rb6 Kc5 56. Rb8 b4 57. Nxb4 Kd4 58. Nd5 Nd2 59. Rd8 Nxe4 60. Nf6+ Ke3 61. Nxe4 Kxe4 {KR-KP} 62. Kf1 Ke3 63. Ke1 e4 64. Kf1 Kf3 65. Ke1 Ke3 66. Kd1 Kf2 67. Re8 Ke3 68. Ke1 Kd3 69. Rd8+ Ke3 {[%mdl 32768] A wild game. Accuracy: White = 31%, Black = 35%. . An unexpected result.} 1/2-1/2

[Event "Stay Safe Play From Home 150"]
[Site "T#646043Emanuel Laske"]
[Date "2020.05.14"]
[Round "1"]
[White "Kongle"]
[Black "Position"]
[Result "0-1"]
[WhiteElo "1740"]
[BlackElo "2073"]
[Annotator "TA"]
[PlyCount "68"]
[EventDate "2020.05.14"]
[EventType "swiss (blitz)"]

{[%evp 9,68,40,41,26,41,38,90,77,125,3,70,34,74,-18,-12,-45,-49,-56,-49,-62,-42,-37,-9,-9,-10,-41,-32,-73,-43,-94,-100,-137,-128,-253,-95,-92,-85,-416,-400,-400,-386,-391,-378,-692,-375,-549,-447,-614,-391,-855,-843,-843,-801,-1659,-731,-1700,-1104,-5793,-5793,-2333,-2268]} 1. d4 Nf6 2. c4 e6 3. Nc3 Bb4 4. Bg5 d6 5. e3 Nbd7 6. Bd3 {E30: Nimzo-Indian: Leningrad Variation.} O-O 7. Nge2 {[#]} Qe8 $146 (7... h6 $14 8. Bh4 (8. Bxf6 Nxf6 9. a3 Bxc3+ 10. Nxc3 Bd7 $11) 8... d5) ({Predecessor:} 7... h6 8. Bh4 d5 9. O-O Be7 10. Rc1 c6 11. Qc2 a6 12. Rfd1 b5 13. cxd5 cxd5 {0-1 (62) Koudinov,D (2063)-Nyzhnyk,I (2544) Hilversum 2010}) 8. O-O {White is better.} e5 9. e4 (9. Nb5 $16 Qd8 10. Qa4) 9... Bxc3 (9... exd4 $11 10. Nxd4 Bxc3 11. bxc3 b6) 10. bxc3 b6 11. d5 (11. Ng3 $16) 11... h6 $11 12. Bxf6 Nxf6 13. Qc2 a5 14. f4 $1 Nd7 15. f5 Nc5 16. f6 g6 17. Qd2 Kh7 18. Ng3 Ba6 19. Be2 ({White should play} 19. Rf3 $15) 19... Qa4 $17 20. Bh5 Qxc4 21. Rae1 (21. Bf3 $17) 21... Qd3 $2 (21... Nd3 $19 {is more deadly.} 22. Rd1 Nf4) 22. Qc1 {Hoping for Be2.} Qb5 $36 {[%mdl 2048] Threatens to win with ...Nd3. Black is in control.} 23. h4 $2 {[%mdl 8192] White does not recover from this.} (23. Be2 $17 Qa4 24. Bxa6 Rxa6 25. Re2) 23... Nd3 $19 {[%mdl 64] Double Attack} 24. Qd2 {Now Rb1 and White clings on.} Nxe1 ({Avoid the trap} 24... gxh5 $2 25. Nf5 $1 $18 {[%mdl 512]}) 25. Rxe1 Qd3 ({And not} 25... gxh5 26. Nf5 Kg8 27. Qxh6 Qc5+ 28. Kh2 Qg1+ 29. Rxg1 Rfe8 30. Qg7#) 26. Qf2 $2 (26. Qxd3 Bxd3 27. Bf3) 26... Qxc3 27. Re3 (27. Bf3 $142) 27... Qd4 28. Kh2 Rg8 29. Nf5 $2 (29. Bf3) 29... gxf5 {Black is clearly winning.} ({But not} 29... gxh5 $2 30. Nxd4 exd4 31. Qf5+ Kh8 {[#]} 32. Qxh5 $1 $18 {[%mdl 512]}) 30. Qxf5+ Kh8 31. Rf3 Qd2 {[%csl Gg8][%cal Rd2g2]} 32. Bg4 Be2 33. Qh5 Bxf3 34. Bxf3 Qf4+ {Accuracy: White = 28%, Black = 48%.} 0-1